La clave secreta del universo : (Record no. 189210)

MARC details
000 -CABECERA
campo de control de longitud fija 00711nam a2200217 u 4500
005 - FECHA Y HORA DE LA ÚLTIMA TRANSACCIÓN
campo de control 20210223133236.0
008 - ELEMENTOS DE LONGITUD FIJA--INFORMACIÓN GENERAL
campo de control de longitud fija 100602s2008 mx r 000 0 spa d
020 ## - NÚMERO INTERNACIONAL NORMALIZADO PARA LIBROS
Número Internacional Estándar del Libro 9789708101264
035 ## - NÚMERO DE CONTROL DEL SISTEMA
Número de control de sistema UPN01000217110
049 ## - COLECCIÓN
Colección I
050 #4 - SIGNATURA TOPOGRÁFICA DE LA BIBLIOTECA DEL CONGRESO
Número de clasificación QB983
Número de documento/Ítem H3.3
100 1# - ASIENTO PRINCIPAL--NOMBRE PERSONAL
Nombre de persona Hawking, Lucy,
Fechas asociadas al nombre 1970-
9 (RLIN) 32733
245 13 - MENCIÓN DE TÍTULO
Título La clave secreta del universo :
Resto del título [imágenes] /
Mención de responsabilidad, etc. Lucy Hawking, Stephen Hawking.
260 ## - PUBLICACIÓN, DISTRIBUCIÓN, ETC.
Lugar de publicación, distribución, etc. México :
Nombre del editor, distribuidor, etc. Montena,
300 ## - DESCRIPCIÓN FÍSICA
Extensión 32 p. :
Otras características físicas principalmente il. col.
500 ## - NOTA GENERAL
Nota general Datos tomados de la cubierta
650 #4 - ASIENTO SECUNDARIO DE MATERIA - TERMINO TEMATICO
Término de materia o nombre geográfico como elemento de entrada COSMOLOGIA -
Subdivisión de forma LITERATURA JUVENIL
9 (RLIN) 17401
650 #4 - ASIENTO SECUNDARIO DE MATERIA - TERMINO TEMATICO
Término de materia o nombre geográfico como elemento de entrada ESPACIO EXTERIOR -
Subdivisión de forma LITERATURA JUVENIL
9 (RLIN) 8398
700 1# - ASIENTO SECUNDARIO--NOMBRE DE PERSONAL
Nombre de persona Hawking, Stephen,
Fechas asociadas al nombre 1942-2018
Término indicativo de función/relación coaut.
905 ## - TIPO DE MATERIAL
Tipo de material Infantil
Holdings
Estado de retiro Estado de pérdida Fuente del sistema de clasificación o colocación Estado dañado No para préstamo Código de colección Localización permanente Ubicación/localización actual Ubicación en estantería Fecha de adquisición Total de préstamos Clasificación Código de barras Fecha visto por última vez Número de copia Tipo de ítem Koha
    Library of Congress Classification     Infantil Bib. Gregorio Torres Quintero Bib. Gregorio Torres Quintero Sala infantil Planta baja 10/05/2023 1 QB983 H3.3 315741 31/12/2020 1 Libro